Spanish-language narration and literacy: culture, cognition, and emotion

Guardat en:
Dades bibliogràfiques
Autors principals: McCabe, Allyssa (autora), Bailey, Alison L (Autor), Melzi, Gigliana (Autor)
Format: Llibre
Idioma:espanyol
Publicat: Cambridge Cambridge University Press 2008
Edició:1a. ed
Matèries:
Etiquetes: Afegir etiqueta
Sense etiquetes, Sigues el primer a etiquetar aquest registre!

MARC

LEADER 00000nam a2200000 a 4500
001 UCG1600
003 CL-VaPUC
008 100513e20080000UK |||||||||||||||||spa|d
020 |a 9780521883757 
082 0 4 |a 372.6561  |b MCC  |2 21 
100 |a McCabe, Allyssa  |e autora  |9 549572 
700 0 |a Bailey, Alison L  |e author  |9 549573 
700 0 |a Melzi, Gigliana  |e author  |9 549574 
245 1 0 |a Spanish-language narration and literacy: culture, cognition, and emotion 
250 |a 1a. ed 
300 |a 365 p 
942 |c BK 
945 |d 20100513 00:00:00  |a rbrito 
260 |a Cambridge  |b Cambridge University Press  |c 2008 
650 0 |a Enseñanza del español  |9 339826 
650 0 |a Enseñanza de idiomas  |9 339820 
650 0 |a Análisis del discurso  |9 256696 
650 0 |a Educación preescolar  |9 260381 
583 |a last modification  |c 20130326 09:24:47  |k Rodrigo Vera 
999 |c 340924  |d 340922 
952 |0 0  |1 0  |4 0  |6 372_656100000000000_MCC_2008  |7 0  |8 A  |9 436076  |a FDOPOS  |b FDOPOS  |d 2019-11-22  |i 4673395  |o 372.6561 MCC 2008  |p 4673395  |r 2025-01-22  |w 2019-11-22  |y BK  |k DLA